000
00267nam a2200109Ia 4500
008
220214s9999 xx 000 0 und d
100
_a
Newton RG
245
0
_a
Rubber in architecture and building
260
_b
Rubber dDevelopments
_c
1948
300
_a
8p
942
_c
RE
999
_c
45642
_d
45642